Catálogo

Elementos de probabilidad y estadística / (Registro nro. 5619)

Detalles MARC
000 -LEADER
fixed length control field 01176cam a2200301 i 4500
001 - CONTROL NUMBER
control field 5619
003 - CONTROL NUMBER IDENTIFIER
control field Mx-PuUPA
005 - DATE AND TIME OF LATEST TRANSACTION
control field 20250708152626.0
008 - FIXED-LENGTH DATA ELEMENTS--GENERAL INFORMATION
fixed length control field 140415s1970 mx dk gr 001 0 spa d
040 ## - CATALOGING SOURCE
Original cataloging agency Mx-PuUPA
Language of cataloging spa
Transcribing agency Mx-PuUPA
Modifying agency Mx-PuUPA
Description conventions rda
041 1# - LANGUAGE CODE
Language code of text/sound track or separate title spa
Language code of original eng
100 1# - MAIN ENTRY--PERSONAL NAME
Personal name Mode, Elmer,
Relator term autor
240 10 - UNIFORM TITLE
Uniform title Elements of probability and statistics.
Language of a work Español
245 10 - TITLE STATEMENT
Title Elementos de probabilidad y estadística /
Statement of responsibility, etc. Elmer B. Mode ; versión española, R. García Garza
250 ## - EDITION STATEMENT
Edition statement Primera edición
264 #1 - PRODUCTION, PUBLICATION, DISTRIBUTION, MANUFACTURE, AND COPYRIGHT NOTICE
Place of production, publication, distribution, manufacture México, D.F. :
Name of producer, publisher, distributor, manufacturer Editorial Reverte Mexicana,
Date of production, publication, distribution, manufacture, or copyright notice 1970
300 ## - PHYSICAL DESCRIPTION
Extent xi, 367 páginas :
Other physical details gráficas, formularios ;
Dimensions 23 cm
336 ## - CONTENT TYPE
Fuente rdacontent
Content type term texto
Content type code txt
337 ## - MEDIA TYPE
Source rdamedia
Media type term sin medio
Media type code n
338 ## - CARRIER TYPE
Source rdacarrier
Carrier type term volumen
Carrier type code nc
500 ## - GENERAL NOTE
General note Reimpresiones: (agosto 1980).
650 #7 - SUBJECT ADDED ENTRY--TOPICAL TERM
Topical term or geographic name entry element Estadística matemática
General subdivision Probabilidad
Source of heading or term armarc
700 1# - ADDED ENTRY--PERSONAL NAME
Personal name García Garza, R.,
Relator term traductor
765 0# - ORIGINAL LANGUAGE ENTRY
Main entry heading Mode, Elmer
Title Elements of probability and statistics
Place, publisher, and date of publication Englewood Cliffs, New Jersey : Prentice Hall, [Año de publicación no identificado]
942 ## - ADDED ENTRY ELEMENTS (KOHA)
Source of classification or shelving scheme Dewey Decimal Classification
Koha item type Libro
Classification part 519.5
Item part M68
Existencias
Withdrawn status Lost status Source of classification or shelving scheme Damaged status Not for loan Collection code Home library Current library Shelving location Date acquired Source of acquisition Total Checkouts Full call number Barcode Date last seen Price effective from Koha item type Copy number
    Dewey Decimal Classification     General Biblioteca Karol Wojtyla Biblioteca Karol Wojtyla Sala general 03/12/2013 Compra   519.5 M68 1970 1756 05/01/2026 03/12/2013 Libro  
    Dewey Decimal Classification     General Biblioteca Karol Wojtyla Biblioteca Karol Wojtyla Sala general 03/12/2013 Compra   519.5 M68 1970 53844 05/01/2026 03/12/2013 Libro Ej.2